Carregant...
Journalism : editing
| Autor principal: | |
|---|---|
| Format: | Printed Book |
| Publicat: |
New Delhi
Anmol
2005
|
| Matèries: |
| LEADER | 00458nam a22001457a 4500 | ||
|---|---|---|---|
| 020 | |a 9788126123346 | ||
| 082 | |a 070.4 |b SHA/J | ||
| 100 | |a Shamsi, Nayyar | ||
| 245 | |a Journalism : editing | ||
| 260 | |a New Delhi |b Anmol |c 2005 | ||
| 300 | |a 405p. | ||
| 650 | |a Journalism | ||
| 942 | |c BK | ||
| 999 | |c 36742 |d 36742 | ||
| 952 | |0 0 |1 0 |4 0 |6 070_400000000000000_SHAJ |7 0 |8 Stack |9 38918 |a KUCL |b KUCL |c Stack |d 2015-12-15 |g 275.00 |l 1 |o 070.4 SHA/J |p 36588 |r 2016-10-01 |s 2016-08-12 |w 2015-12-15 |y BK | ||